Galería de catalanes ilustres / (Record no. 102853)

MARC details
000 -LEADER
campo de control de longitud fija 00992nam a22002055i 4500
001 - NÚMERO DE CONTROL
campo de control 102853
003 - IDENTIFICADOR DE NÚMERO DE CONTROL
campo de control ES-MaACL
005 - FECHA Y HORA DE LA ÚLTIMA TRANSACCIÓN
campo de control 20230906183212.0
007 - CAMPO FIJO DE DESCRIPCIÓN FÍSICA--INFORMACIÓN GENERAL
campo de control de longitud fija t|
008 - DATOS DE LONGITUD FIJA--INFORMACIÓN GENERAL
campo de control de longitud fija 950928s1893 sp ||||1| spa d
040 ## - FUENTE DE CATALOGACIÓN
Centro catalogador/agencia de origen CAM
Lengua de catalogación spa
Centro/agencia transcriptor CAM
100 1# - ENTRADA PRINCIPAL--NOMBRE DE PERSONA
Nombre de persona Roca i Ferreras, Josep-Narcís.
9 (RLIN) 97997
245 10 - MENCIÓN DEL TÍTULO
Título Galería de catalanes ilustres /
Mención de responsabilidad, etc. breves apuntes biográficos de José Narciso Roca y Ferreras ; publicada por Antonio Esplugas.
260 ## - PUBLICACIÓN, DISTRIBUCIÓN, ETC.
Lugar de publicación, distribución, etc. Barcelona :
Nombre del editor, distribuidor, etc. [s.n.],
Fecha de publicación, distribución, etc. [1893?] (
Fabricante Tip. de Luis Tasso)
300 ## - DESCRIPCIÓN FÍSICA
Extensión 168 p. :
Otras características físicas il. ;
Dimensiones 33 cm.
505 8# - NOTA DE CONTENIDO CON FORMATO
Nota de contenido con formato Capmany-Viladomat-Güell-Gimbernat-Fontanella-Claris-Balmes-Juan Fivaller-Pablo Piferrer-Francisco Vicente García-Buenaventura-Carlos Aribau-Monturiol-Ramón Muntaner-Damián Campeny-Manso-Luis de Requesens-Juan Prim-Moncada-Salvá y Campillo-San Raimundo de Peñafort-Mila y Fontanls-Ramón Berenguer I el Viejo
650 04 - PUNTO DE ACCESO ADICIONAL DE MATERIA--TÉRMINO DE MATERIA
Término de materia o nombre geográfico como elemento de entrada Catalanes-
Subdivisión general Biografías.
9 (RLIN) 10836
700 0# - ENTRADA AGREGADA--NOMBRE PERSONAL
Nombre de persona Esplugas, Antonio.
9 (RLIN) 47934
852 ## - LOCALIZACIÓN
Ubicación ES-MaACL
Número de control de estantería F-486
Holdings
Estatus retirado Estado de pérdida Estado de daño No para préstamo Colección Biblioteca de origen Biblioteca actual Ubicación en estantería Fecha de adquisición Fuente de adquisición Total de préstamos Signatura topográfica completa Código de barras Visto por última vez Precio de reemplazo Tipo de ítem Koha
        Libros del s. XIX Biblioteca del Ateneo de Madrid Biblioteca del Ateneo de Madrid Depósito 2 17/01/2008     F-486 1107377 23/02/2023 23/02/2023 Libro impreso antiguo